Сравнительный анализ наблюдателей состояния для асинхронного электропривода; Энергосбережение и инновационные технологии в топливно-энергетическом комплексе; Т. 2

Bibliografische gegevens
Parent link:Энергосбережение и инновационные технологии в топливно-энергетическом комплексе: материалы Национальной c международным участием научно-практической конференции студентов, аспирантов, ученых и специалистов, посвященной 20-летию создания кафедры электроэнергетики, 18-20 Декабря 2019, Тюмень/ Тюменский индустриальный университет.— , 2019
Т. 2.— 2019.— [С. 303-305]
Hoofdauteur: Глазырин А. С. Александр Савельевич
Coauteur: Национальный исследовательский Томский политехнический университет Инженерная школа энергетики Отделение электроэнергетики и электротехники
Andere auteurs: Набунский И. Иван
Samenvatting:Заглавие с экрана
Предъявление высоких требований к системам управления электроприводов обуславливает применение большого количества датчиков. В свою очередь применение множества датчиков снижает эксплуатационную надежность, увеличивает массогабаритные показатели электропривода. С целью избежать данных недостатков необходимо, использовать наблюдатель - техническое устройство, которое по известным переменным двигателя (токи, напряжения) вычисляет не измеряемые переменные. Целью исследования является аналитический обзор существующих наблюдателей переменных состояния асинхронного электропривода. Результатом данной работы является выбор наиболее подходящего наблюдателя переменных состояния для электропривода с повышенным диапазоном регулирования.
Режим доступа: по договору с организацией-держателем ресурса
Taal:Russisch
Gepubliceerd in: 2019
Reeks:Электроэнергетика и электротехника
Onderwerpen:
Online toegang:https://elibrary.ru/item.asp?id=42607505
Formaat: Elektronisch Hoofdstuk
KOHA link:https://koha.lib.tpu.ru/cgi-bin/koha/opac-detail.pl?biblionumber=664004

MARC

LEADER 00000naa0a2200000 4500
001 664004
005 20250814101022.0
035 |a (RuTPU)RU\TPU\network\35174 
090 |a 664004 
100 |a 20210323d2019 k||y0rusy50 ca 
101 0 |a rus 
102 |a RU 
135 |a drnn ---uucaa 
181 0 |a i  
182 0 |a b 
200 1 |a Сравнительный анализ наблюдателей состояния для асинхронного электропривода  |f А. С. Глазырин, И. Набунский 
203 |a Текст  |c электронный 
225 1 |a Электроэнергетика и электротехника 
300 |a Заглавие с экрана 
320 |a [Библиогр.: 7 назв.] 
330 |a Предъявление высоких требований к системам управления электроприводов обуславливает применение большого количества датчиков. В свою очередь применение множества датчиков снижает эксплуатационную надежность, увеличивает массогабаритные показатели электропривода. С целью избежать данных недостатков необходимо, использовать наблюдатель - техническое устройство, которое по известным переменным двигателя (токи, напряжения) вычисляет не измеряемые переменные. Целью исследования является аналитический обзор существующих наблюдателей переменных состояния асинхронного электропривода. Результатом данной работы является выбор наиболее подходящего наблюдателя переменных состояния для электропривода с повышенным диапазоном регулирования. 
333 |a Режим доступа: по договору с организацией-держателем ресурса 
461 |t Энергосбережение и инновационные технологии в топливно-энергетическом комплексе  |o материалы Национальной c международным участием научно-практической конференции студентов, аспирантов, ученых и специалистов, посвященной 20-летию создания кафедры электроэнергетики, 18-20 Декабря 2019, Тюмень  |o в 2 т.  |f Тюменский индустриальный университет  |d 2019 
463 |t Т. 2  |v [С. 303-305]  |d 2019 
610 1 |a электронный ресурс 
610 1 |a труды учёных ТПУ 
610 1 |a асинхронные двигатели 
610 1 |a асинхронные электроприводы 
610 1 |a наблюдатели 
610 1 |a переменные состояния 
700 1 |a Глазырин  |b А. С.  |c специалист в области электротехники  |c профессор Томского политехнического университета, доктор технических наук  |f 1978-  |g Александр Савельевич  |3 (RuTPU)RU\TPU\pers\26445  |9 12148 
701 1 |a Набунский  |b И.  |g Иван 
712 0 2 |a Национальный исследовательский Томский политехнический университет  |b Инженерная школа энергетики  |b Отделение электроэнергетики и электротехники  |3 (RuTPU)RU\TPU\col\23505 
801 2 |a RU  |b 63413507  |c 20210323  |g RCR 
856 4 |u https://elibrary.ru/item.asp?id=42607505 
942 |c CF